000 00715nam a2200289Ia 4500
005 20260324131844.0
008 008 260324s9999 xx 000 0 eng d
020 _a9780429129490
037 _aEBOOK
040 _aCRL
040 _beng
040 _cCRL
041 _2eng
041 _aeng
084 _qCRL
100 _aJohn C. Rockett; Michael E. Burczynski
_91187092
245 0 _aSurrogate Tissue Analysis
245 0 _bGenomic, Proteomic, and Metabolomic Approaches
260 _bTaylor and Francis
260 _c2005
365 _a
365 _b385
856 _uhttp://www.taylorfrancis.com/books/9780429129490
942 _cEBOOK
999 _c1784631
_d1784631